Statistics for Historical Timeline of Norway

Click here to take the quiz!

General Stats

  • This quiz has been taken 75 times
  • The average score is 8 of 8

Answer Stats

YearHintAnswer% Correct
872 | 1905 | 1945Kingdom of N_____Kingdom of Norway
100%
1524D______-N_____Denmark-Norway
97%
1814Union of S_____ & N_____Union of Sweden & Norway
97%
793V______Vikings
90%
1397K_____ UnionKalmar Union
87%
1940G______Germany
83%

Score Distribution

Percentile by Number Answered

Percent of People with Each Score

Your Score History

You have not taken this quiz